00641nam a22001932 4500001001100000005001700011008004100028020001800069040001500087100004200102245012300144250001300267260003600280300001900316650004200335650003200377700003500409852000300444000002489420151217152306.0140324s xx 000 0 eng d a00771318679 : aKABUcKABU1 aWhitbourne, Susan Krauss.@000018515610aAbnormal psychology :bclinical perspectives on psychological disorders /cSusan Krauss Whitbourne, Richard P. Halgin. a7th ed. aNew York :bMcGraw-Hill,c2013. axxiii, 398 p. 0aPsychology, Pathological.@0000155908 0aMental illness.@00001851571 aHalgin, Richard P.@00001851581